La expansión del Derecho Penal: aspectos de la política criminal en las sociedades postindustriales

Shranjeno v:
Bibliografske podrobnosti
Glavni avtor: Silva Sánchez, Jesús-María (Author)
Format: Knjiga
Jezik:španščina
Izdano: Madrid Civitas Ediciones 2001
Izdaja:2a. ed
Serija:Monografías
Teme:
Oznake: Označite
Brez oznak, prvi označite!

MARC

LEADER 00000cam a2200000 a 4500
001 UCC4774
003 CL-VaPUC
008 180824e20010000sp |||||||||||||||||spa|d
020 |a 8447016617 
082 0 4 |a 345  |b SIL  |2 21 
100 0 |a Silva Sánchez, Jesús-María  |e author  |9 598967 
245 1 3 |a La expansión del Derecho Penal: aspectos de la política criminal en las sociedades postindustriales 
250 |a 2a. ed 
300 |a 167 p 
942 |c BK 
945 |d 20180824 13:39:00  |a dcastane 
260 |a Madrid  |b Civitas Ediciones  |c 2001 
650 7 |a DERECHO PENAL  |2 CL-VaPUC  |9 11 
650 7 |a LEGALIDAD  |2 CL-VaPUC  |9 373473 
650 7 |a CULPABILIDAD  |2 CL-VaPUC  |9 351694 
650 0 |a Delito  |9 336975 
583 |a last modification  |c 20180824 13:39:00  |k Rodrigo Vera 
490 0 |a Monografías 
999 |c 372183  |d 372181 
952 |0 0  |1 0  |3 erb  |4 0  |6 345_000000000000000_SIL_2001  |7 0  |8 A  |9 489465  |a BIBDER  |b BIBDER  |e Mateluna Arestizabal, Alfredo Sergio  |i 548958K  |l 3  |m 1  |o 345 SIL 2001  |p 548958K  |q 2025-05-12  |r 2025-05-05  |s 2025-05-05  |w 2019-11-24  |y BK  |z Catalogado en:20180824  |k DER